000 005140000a22001930004500
999 _c49186
_d49186
001 2036
003 CO-MdFUSB
005 20170719161419.0
008 170719b xxu||||| |||| 00| 0 eng d
020 _a978-958-45-0727-3
040 _cCO-MdBIC
082 0 4 _a863C F854p
100 1 _aBourgeois Paulette
245 1 0 _aFranklin perdona / Paulette Bourgeois ; traductora Olga Martin
260 _aBogotá : Grupo Editorial Norma
300 _a36 P.
650 1 4 _aCuentos Infantiles Canadienses
942 _cLGB